2023 North Melbourne Kangaroos AFL Team Quiz - Statistics

General Stats
  • This quiz has been taken 22 times
  • The average score is 23 of 54
Answer Stats
No. Player Name % Correct
Senior Coach Alistair Clarkson
81%
3 Harry Sheezel
81%
9 Luke Davies-Uniacke
81%
20 Nick Larkey
81%
22 Todd Goldstein
81%
38 Tristan Xerri
75%
44 Cameron Zurhaar
69%
6 George Wardlaw
69%
25 Paul Curtis
69%
2 Jaidyn Stephenson
63%
23 Ben McKay
56%
5 Curtis Taylor
56%
7 Jack Ziebell
56%
11 Luke McDonald
56%
24 Tom Powell
56%
4 Aiden Corr
50%
8 Bailey Scott
50%
10 Ben Cunnington
50%
13 Darcy Tucker
50%
19 Griffin Logue
50%
12 Jy Simpkin
50%
29 Will Phillips
50%
21 Callum Coleman-Jones
44%
40 Eddie Ford
44%
1 Jack Mahony
44%
26 Tarryn Thomas
44%
Development Coach Brent Harvey
38%
37 Cooper Harvey
38%
31 Josh Goater
38%
43 Aaron Hall
31%
16 Aiden Bonar
31%
41 Blake Drury
31%
33 Brayden George
31%
30 Charlie Comben
31%
35 Charlie Lazzaro
31%
45 Hamish Free
31%
18 Hugh Greenwood
31%
34 Jackson Archer
31%
28 Kayne Turner
31%
14 Liam Shiels
31%
27 Miller Bergman
31%
36 Phoenix Spicer
31%
15 Daniel Howe
25%
42 Kallan Dawson
25%
17 Lachie Young
25%
46 Robert Hanson Jr.
25%
VFL Senior Coach Tom Lynch
25%
32 Jacob Edwards
19%
39 Flynn Perez
13%
Assistant Coach - Forwards Leigh Adams
13%
Assistant Coach Josh Gibson
6%
Ruck Coach Damien Monkhorst
0%
Development Coach Emma Kearney
0%
Assistant Coach - Midfield Jordan Russell
0%
No matching quizzes found
Score Distribution
Percent of People with Each Score
Percentile by Number Answered
Your Score History
You have not taken this quiz